| 000 | 00770nam a2200253 a 4500 | ||
|---|---|---|---|
| 001 | 61216 | ||
| 003 | BD-RjUL | ||
| 005 | 20211209080932.0 | ||
| 008 | 170116s1981 nyu b 001 0 eng d | ||
| 020 | _a0814457169 | ||
| 035 | _a(BD-RjUL)61340 | ||
| 040 |
_aBD-RjUL _cBD-RjUL _dBD-RjUL _beng |
||
| 041 | _aeng | ||
| 082 | 0 | 0 |
_a658.87007 _223 _bHOT 1981 |
| 100 | 1 |
_aHowe, Judith J. _9182616 |
|
| 245 | 1 | 0 |
_aTraining for retail sales and profit / _cJudith J. Howe. |
| 260 |
_aNew York, N.Y. : _bAMACOM, _cc1981. |
||
| 300 |
_axi, 237 p. ; _c22 cm. |
||
| 504 | _aIncludes bibliography and index | ||
| 650 | 0 |
_aSelling _xStudy and teaching. _9182617 |
|
| 650 | 0 |
_aEmployees _xTraining of. _9182618 |
|
| 650 | 0 |
_aRetail trade _xStudy and teaching. _9182619 |
|
| 942 |
_2ddc _cBK |
||
| 999 |
_c61216 _d61216 |
||